[Event "VIII C.to Italiano U20"]
[Site "Paderno del Grappa ITA"]
[Date "2000.07.19"]
[Round "5"]
[White "Tonon, Gabriele"]
[Black "Pulito, Alberto"]
[Result "1/2-1/2"]
[WhiteElo "1600"]
[BlackElo "2086"]
[PlyCount "41"]
[EventDate "2000.07.15"]

1.e4 e6 2.d4 d5 3.Nc3 Nc6 4.e5 f6 5.Nf3 fxe5 6.dxe5 Bb4 7.Bd2 Nge7 8.Bd3 
Bxc3 9.bxc3 Nf5 10.O-O O-O 11.Qe2 h6 12.a4 g5 13.h3 Rf7 14.g3 Nce7 15.Nd4 
c5 16.Nxf5 exf5 17.Qf3 c4 18.Be2 Nc6 19.Qg2 Nxe5 20.f4 Nc6 21.Bf3 1/2-1/2

[Event "VIII C.to Italiano U20"]
[Site "Paderno del Grappa ITA"]
[Date "2000.07.19"]
[Round "5"]
[White "Veltcheva, Mina"]
[Black "Navarro, Tommaso"]
[Result "1-0"]
[WhiteElo "1600"]
[BlackElo "1446"]
[PlyCount "91"]
[EventDate "2000.07.15"]

1.e4 e5 2.Nf3 Nc6 3.Bc4 Nf6 4.Ng5 d5 5.exd5 Na5 6.Bb5+ c6 7.dxc6 bxc6 8.
Be2 h6 9.Nf3 e4 10.Ne5 Bd6 11.d4 exd3 12.Nxd3 Bb7 13.O-O O-O 14.Bf4 Re8 
15.Bxd6 Qxd6 16.Nc3 Rad8 17.Qc1 Ne4 18.Nxe4 Rxe4 19.Bf3 Rh4 20.g3 Rc4 21.
Rd1 Qf6 22.Nf4 Rxd1+ 23.Qxd1 Rd4 24.Qe1 Qd8 25.Bh5 Rd7 26.Qc3 g6 27.Bg4 f5
28.Be2 g5 29.Nh5 Kf8 30.b4 Qe7 31.Bd3 Rxd3 32.Qxd3 Qxb4 33.Qxf5+ Ke8 34.
Ng7+ Kd8 35.Rd1+ Kc7 36.Ne6+ Kb6 37.c3 Qxc3 38.Rb1+ Ka6 39.Nc5+ Qxc5 40.
Qxc5 h5 41.Rb4 g4 42.Ra4 Bc8 43.Rxa5+ Kb7 44.Rxa7+ Kb8 45.Qb6+ Bb7 46.
Qxb7# 1-0

[Event "VIII C.to Italiano U20"]
[Site "Paderno del Grappa ITA"]
[Date "2000.07.20"]
[Round "6"]
[White "Albertazzi, Lorenzo"]
[Black "Cedriano, Filippo"]
[Result "0-1"]
[WhiteElo "1636"]
[BlackElo "1582"]
[PlyCount "42"]
[EventDate "2000.07.15"]

1.e4 c5 2.b4 cxb4 3.a3 e5 4.f4 Nc6 5.Nf3 d5 6.exd5 Qxd5 7.fxe5 Qe4+ 8.Be2 
Bc5 9.Bb2 Bg4 10.Kf1 Nge7 11.h3 Nf5 12.hxg4 Ng3+ 13.Ke1 Nxh1 14.c3 Qxg4 
15.Qb3 O-O 16.d4 bxc3 17.Qxc3 Qg3+ 18.Kd1 Bxd4 19.Nxd4 Rad8 20.Nd2 Nxd4 
21.Qb4 Nf2+ 0-1

[Event "VIII C.to Italiano U20"]
[Site "Paderno del Grappa ITA"]
[Date "2000.07.20"]
[Round "6"]
[White "Arcion, Riccardo"]
[Black "Artizzu, Giulio"]
[Result "1/2-1/2"]
[WhiteElo "1804"]
[BlackElo "2095"]
[PlyCount "26"]
[EventDate "2000.07.15"]

1.d4 Nf6 2.c4 c5 3.d5 e6 4.Nc3 exd5 5.cxd5 d6 6.e4 g6 7.f4 Bg7 8.Nf3 O-O 
9.Be2 b5 10.e5 dxe5 11.fxe5 Ng4 12.Bg5 Qb6 13.O-O c4+ 1/2-1/2

[Event "VIII C.to Italiano U20"]
[Site "Paderno del Grappa ITA"]
[Date "2000.07.20"]
[Round "6"]
[White "Chindemi, Giuseppe"]
[Black "Navarro, Tommaso"]
[Result "0-1"]
[WhiteElo "1500"]
[BlackElo "1446"]
[PlyCount "99"]
[EventDate "2000.07.15"]

1.f4 Nc6 2.Nf3 d6 3.e3 g6 4.b3 Bg7 5.Nc3 Nf6 6.Bd3 O-O 7.Bb2 Re8 8.Ne4 
Nxe4 9.Bxg7 Nf2 10.Kxf2 Kxg7 11.Rf1 b6 12.Be4 Bb7 13.b4 d5 14.b5 dxe4 15.
bxc6 Bxc6 16.Nd4 Bb7 17.Qg4 e6 18.Qg5 c5 19.Qe5+ Kg8 20.Nb3 Rc8 21.Rfd1 
Qd5 22.Qc3 Qf5 23.h3 Qh5 24.Nc1 Ba6 25.d3 Rcd8 26.Rd2 exd3 27.Nxd3 Bb7 28.
Qa3 Qd5 29.Kf1 c4 30.Qxa7 cxd3 31.cxd3 Qa5 32.Qxa5 bxa5 33.Rb1 Be4 34.Rb3 
Rd7 35.g4 Red8 36.Ke2 Bg2 37.h4 Bh3 38.g5 Kg7 39.Ra3 Bf5 40.e4 Bxe4 41.
Rxa5 Rxd3 42.Rxd3 Rxd3 43.Re5 Ra3 44.Rxe4 Rxa2+ 45.Kf3 h6 46.Re5 Ra7 47.
Kg4 Ra3 48.h5 gxh5+ 49.Kxh5 hxg5 50.fxg5 0-1

[Event "VIII C.to Italiano U20"]
[Site "Paderno del Grappa ITA"]
[Date "2000.07.20"]
[Round "6"]
[White "Coratella, Giuseppe"]
[Black "Cacco, Christian"]
[Result "1-0"]
[WhiteElo "2077"]
[BlackElo "2267"]
[PlyCount "49"]
[EventDate "2000.07.15"]

1.e4 d6 2.d4 Nf6 3.Nc3 g6 4.Bc4 Bg7 5.Qe2 e5 6.dxe5 dxe5 7.Nf3 Nbd7 8.O-O 
O-O 9.Bg5 c6 10.a4 a5 11.Rfd1 Qe7 12.Rd2 h6 13.Bh4 g5 14.Bg3 Nh5 15.Rad1 
Nf4 16.Bxf4 exf4 17.Nd4 Ne5 18.Nf5 Qc5 19.Bb3 Be6 20.Qh5 Rae8 21.Rd6 Kh7 
22.Ne2 Ng6 23.Ned4 Bxf5 24.Nxf5 Rxe4 25.Bxf7 1-0

[Event "VIII C.to Italiano U20"]
[Site "Paderno del Grappa ITA"]
[Date "2000.07.20"]
[Round "6"]
[White "Costantini, Roberto"]
[Black "Delfino, Luigi"]
[Result "1/2-1/2"]
[WhiteElo "2233"]
[BlackElo "2126"]
[PlyCount "61"]
[EventDate "2000.07.15"]

1.e4 d5 2.exd5 Nf6 3.d4 Nxd5 4.Nf3 Bf5 5.Be2 e6 6.O-O Nd7 7.a3 c6 8.c4 
N5f6 9.Nc3 Be7 10.h3 Qc7 11.Be3 a6 12.Re1 c5 13.d5 Rd8 14.Nh4 O-O 15.Nxf5 
exf5 16.f4 Ne4 17.Bd3 Ndf6 18.Qf3 Rfe8 19.Kh1 h5 20.Bxe4 fxe4 21.Qf2 h4 
22.g4 hxg3 23.Qxg3 Bf8 24.Rg1 Nh7 25.Qg4 Nf6 26.Qh4 Qd7 27.f5 Qxf5 28.Raf1
Qh7 29.Qg3 Bd6 30.Qg2 Nh5 31.Qg4 1/2-1/2

[Event "VIII C.to Italiano U20"]
[Site "Paderno del Grappa ITA"]
[Date "2000.07.20"]
[Round "6"]
[White "Damia, Angelo"]
[Black "Cortina, Federico"]
[Result "0-1"]
[WhiteElo "1720"]
[BlackElo "1738"]
[PlyCount "114"]
[EventDate "2000.07.15"]

1.e4 c5 2.Nf3 d6 3.d4 cxd4 4.Nxd4 Nf6 5.Nc3 a6 6.Be3 e5 7.Nb3 Be7 8.Be2 
O-O 9.O-O Qc7 10.f3 Be6 11.Rc1 Nbd7 12.Qd2 b5 13.a3 Rfd8 14.Rfd1 Nb6 15.
Bxb6 Qxb6+ 16.Kh1 d5 17.exd5 Nxd5 18.Nxd5 Bxd5 19.Qe1 Qe6 20.Nd2 Bg5 21.
Rb1 f5 22.Nf1 Rac8 23.c3 Rf8 24.Qg3 Bf4 25.Qf2 e4 26.Ne3 Qh6 27.Nf1 Rcd8 
28.Qc5 exf3 29.Bxf3 Bxf3 30.gxf3 Rde8 31.Qf2 Re6 32.Re1 Rfe8 33.Rxe6 Qxe6 
34.Ng3 Rd8 35.Qe2 Qxe2 36.Nxe2 Be5 37.f4 Rd2 38.Re1 Bc7 39.Ng3 Bxf4 40.Re2
Rxe2 41.Nxe2 Be5 42.Kg2 Kf7 43.Nc1 Ke6 44.Nd3 Bd6 45.h3 Kd5 46.Kf3 Kc4 47.
Ke2 g5 48.Kd2 h5 49.Kc2 g4 50.b3+ Kd5 51.hxg4 fxg4 52.Kd2 g3 53.Ke3 h4 54.
Kf3 h3 55.Nb2 g2 56.c4+ bxc4 57.bxc4+ Ke6 0-1

[Event "VIII C.to Italiano U20"]
[Site "Paderno del Grappa ITA"]
[Date "2000.07.20"]
[Round "6"]
[White "De Barba, Eric"]
[Black "Goi, Veronika"]
[Result "0-1"]
[WhiteElo "1501"]
[BlackElo "1633"]
[PlyCount "71"]
[EventDate "2000.07.15"]

1.e4 e5 2.Nf3 Nc6 3.d4 exd4 4.Bc4 Be7 5.Nxd4 Ne5 6.Bb3 d6 7.O-O Nf6 8.Re1 
O-O 9.h3 a6 10.a4 Bd7 11.Nc3 Qc8 12.Bf4 Rd8 13.Bg3 c5 14.Nf3 c4 15.Ba2 Ng6
16.Qe2 b5 17.Rad1 Bc6 18.axb5 axb5 19.Bb1 Qb7 20.Nd4 Be8 21.Nf5 Ra6 22.h4 
Ne5 23.Nd5 Nxd5 24.exd5 Bf6 25.f4 Ng6 26.h5 Nf8 27.c3 Bd7 28.Qc2 b4 29.
Ne7+ Kh8 30.Nc6 Bxc6 31.dxc6 Qxc6 32.cxb4 Qb6+ 33.Bf2 Qxb4 34.Bd4 Bxd4+ 
35.Rxd4 Qxe1+ 36.Kh2 0-1

[Event "VIII C.to Italiano U20"]
[Site "Paderno del Grappa ITA"]
[Date "2000.07.20"]
[Round "6"]
[White "Galli, Fabio"]
[Black "Tonon, Gabriele"]
[Result "1-0"]
[WhiteElo "2107"]
[BlackElo "1600"]
[PlyCount "109"]
[EventDate "2000.07.15"]

1.e4 c5 2.Nf3 Nc6 3.d4 cxd4 4.Nxd4 e6 5.Be3 a6 6.Bd3 Nge7 7.c4 b6 8.O-O 
Nxd4 9.Bxd4 Nc6 10.Bc3 Bb7 11.f4 Qc7 12.Kh1 Rc8 13.a3 f6 14.f5 Ne5 15.fxe6
dxe6 16.Qh5+ Qf7 17.Qxf7+ Nxf7 18.Nd2 Bd6 19.Nf3 e5 20.Nh4 Bf8 21.Nf5 Nd6 
22.Nxd6+ Bxd6 23.a4 Ke7 24.a5 Rhd8 25.Rfd1 Bc7 26.Bb4+ Ke8 27.axb6 Bxb6 
28.b3 Rd7 29.Bc2 Rxd1+ 30.Rxd1 Bd4 31.h3 Rc6 32.Kh2 Bc8 33.g4 Kf7 34.Kg3 
Be6 35.Be1 Kg6 36.Bd3 h5 37.Be2 hxg4 38.Bxg4 Bxg4 39.Kxg4 Rd6 40.b4 Rc6 
41.c5 a5 42.bxa5 Rxc5 43.Rd3 Rc8 44.Rb3 Ra8 45.Rb7 Ra7 46.Rxa7 Bxa7 47.Bb4
Bd4 48.Bd6 Kf7 49.Bb8 g6 50.a6 Ke6 51.a7 Bxa7 52.Bxa7 f5+ 53.exf5+ gxf5+ 
54.Kg5 f4 55.h4 1-0

[Event "VIII C.to Italiano U20"]
[Site "Paderno del Grappa ITA"]
[Date "2000.07.20"]
[Round "6"]
[White "Genocchio, Daniele"]
[Black "Pulito, Alberto"]
[Result "1-0"]
[WhiteElo "2201"]
[BlackElo "2086"]
[PlyCount "81"]
[EventDate "2000.07.15"]

1.d4 d5 2.Nf3 c6 3.Bg5 Nf6 4.Nbd2 Bf5 5.e3 Nbd7 6.Nh4 Bg6 7.Nxg6 hxg6 8.c4
e6 9.Bd3 Qa5 10.cxd5 Qxd5 11.Nf3 Bb4+ 12.Kf1 Ne4 13.Bf4 Ndf6 14.Qa4 a5 15.
Ke2 g5 16.Bc7 Bd6 17.Bxd6 Nxd6 18.Rac1 Nfe4 19.Ne5 f6 20.Nc4 Nxc4 21.Bxc4 
Qd7 22.Qb3 Ke7 23.Qd3 Nd6 24.Bb3 a4 25.Bd1 Nb5 26.Qg6 Kf8 27.Kf1 Rh6 28.
Qc2 Kg8 29.a3 Qd6 30.Qc4 Rxh2 31.Rxh2 Qxh2 32.Qxe6+ Kh8 33.Qe4 Nd6 34.Qf3 
Qh7 35.g3 Qh3+ 36.Ke2 g4 37.Qf4 Nf7 38.Bc2 Kg8 39.Bf5 Nh6 40.Be4 Rd8 41.
Rh1 1-0

[Event "VIII C.to Italiano U20"]
[Site "Paderno del Grappa ITA"]
[Date "2000.07.20"]
[Round "6"]
[White "Gottardo, Jacopo"]
[Black "Lorusso, Giuseppe"]
[Result "0-1"]
[WhiteElo "1600"]
[BlackElo "1774"]
[PlyCount "108"]
[EventDate "2000.07.15"]

1.e4 c5 2.Nf3 Nc6 3.d4 cxd4 4.Nxd4 Nf6 5.Nc3 d6 6.Bc4 e6 7.O-O Be7 8.Be3 
O-O 9.Bb3 a6 10.f4 Qc7 11.f5 Nxd4 12.Bxd4 e5 13.Be3 b5 14.Nd5 Nxd5 15.Bxd5
Bb7 16.c3 Rac8 17.Qd2 Bxd5 18.Qxd5 Qc4 19.Rad1 Qxd5 20.exd5 Rc4 21.Bd2 Rb8
22.Rf3 Bd8 23.Kf1 f6 24.Ke2 Bb6 25.Be3 Re4 26.Kf2 Bxe3+ 27.Rxe3 Rxe3 28.
Kxe3 Rc8 29.g3 Kf7 30.Rd3 g6 31.g4 gxf5 32.gxf5 Rc4 33.Rd2 Kg7 34.Rg2+ Kf7
35.h3 a5 36.a3 b4 37.axb4 axb4 38.cxb4 Rxb4 39.Rh2 Rf4 40.Rf2 Rxf2 41.Kxf2
Ke7 42.Ke3 Kd7 43.Kd3 Kc7 44.Kc4 Kb6 45.h4 Ka5 46.h5 h6 47.Kc3 Kb5 48.Kb3 
Kc5 49.Ka4 Kxd5 50.Kb5 e4 51.b4 e3 52.Ka6 e2 53.b5 e1=Q 54.b6 Kc6 0-1

[Event "VIII C.to Italiano U20"]
[Site "Paderno del Grappa ITA"]
[Date "2000.07.20"]
[Round "6"]
[White "Lo Curto, Emanuele"]
[Black "Navarro, Stefano"]
[Result "1/2-1/2"]
[WhiteElo "2132"]
[BlackElo "1792"]
[PlyCount "74"]
[EventDate "2000.07.15"]

1.e4 e5 2.Nf3 Nc6 3.Bc4 Bc5 4.d3 d6 5.Be3 Nf6 6.Nc3 Bb6 7.h3 h6 8.O-O Be6 
9.Bb3 O-O 10.Qd2 Nh7 11.Nd5 Ne7 12.Nxb6 axb6 13.d4 Bxb3 14.axb3 Rxa1 15.
Rxa1 Nc6 16.Rd1 exd4 17.Nxd4 Nxd4 18.Bxd4 Ng5 19.f3 Ne6 20.Be3 Qe7 21.Qd5 
Nd8 22.b4 Qe6 23.b5 Qxd5 24.exd5 Re8 25.Kf2 f6 26.Ra1 Nf7 27.Ra7 Rb8 28.
Bd4 Ne5 29.b3 Kf7 30.Ke3 Ke7 31.g4 g6 32.h4 h5 33.gxh5 gxh5 34.Ke4 Ng6 35.
Bf2 Kf7 36.Kd4 Ne5 37.Ke4 Ng6 1/2-1/2

[Event "VIII C.to Italiano U20"]
[Site "Paderno del Grappa ITA"]
[Date "2000.07.20"]
[Round "6"]
[White "Pelosin, Matteo"]
[Black "Forato, Piero"]
[Result "0-1"]
[WhiteElo "1609"]
[BlackElo "2050"]
[PlyCount "82"]
[EventDate "2000.07.15"]

1.e4 c5 2.c3 d5 3.exd5 Qxd5 4.d4 Nc6 5.Nf3 Bg4 6.Be2 e6 7.O-O cxd4 8.cxd4 
Nf6 9.h3 Bh5 10.Be3 Be7 11.Nc3 Qd6 12.Qb3 Qb4 13.Qxb4 Bxb4 14.g4 Bg6 15.
Nb5 O-O 16.a3 Be7 17.Ne5 Rfd8 18.Nxg6 hxg6 19.Rfd1 Rd7 20.Rd2 Rad8 21.Rad1
Ne4 22.Rd3 a6 23.Nc3 Nxc3 24.Rxc3 Bf6 25.Bxa6 Nxd4 26.Bxd4 Bxd4 27.Rxd4 
Rxd4 28.Bxb7 Rd3 29.Kg2 Rxc3 30.bxc3 Rd3 31.a4 Rxc3 32.a5 Ra3 33.a6 Kf8 
34.f3 Ke7 35.Kg3 e5 36.Kh4 f6 37.Bc8 Rxf3 38.Bb7 Ra3 39.Bc8 Kd8 40.Bb7 Ke7
41.Bc8 e4 0-1

[Event "VIII C.to Italiano U20"]
[Site "Paderno del Grappa ITA"]
[Date "2000.07.20"]
[Round "6"]
[White "Sedani, Elisa"]
[Black "Quaranta, Cristiano"]
[Result "0-1"]
[WhiteElo "1533"]
[BlackElo "1468"]
[PlyCount "60"]
[EventDate "2000.07.15"]

1.e4 e5 2.Nf3 Nc6 3.d4 exd4 4.Bc4 Nf6 5.O-O Nxe4 6.Re1 d5 7.Bxd5 Qxd5 8.
Ng5 Be6 9.Nxe4 O-O-O 10.a3 h5 11.Qd3 Bf5 12.c3 Bxe4 13.Rxe4 dxc3 14.Qxd5 
Rxd5 15.Nxc3 Re5 16.Bf4 Rxe4 17.Nxe4 g6 18.Ng5 Bg7 19.Rb1 Re8 20.Be3 Ne5 
21.Bxa7 b6 22.f4 f6 23.Ne4 Nf7 24.Nc3 Kb7 25.Nb5 c6 26.Rd1 Re7 27.Nd4 Rd7 
28.Bb8 c5 29.Re1 cxd4 30.Re8 d3 0-1

[Event "VIII C.to Italiano U20"]
[Site "Paderno del Grappa ITA"]
[Date "2000.07.20"]
[Round "6"]
[White "Tomba, Ivan"]
[Black "Berni, Giorgio"]
[Result "1/2-1/2"]
[WhiteElo "2022"]
[BlackElo "1905"]
[PlyCount "44"]
[EventDate "2000.07.15"]

1.e4 e6 2.d4 d5 3.e5 c5 4.c3 Nc6 5.Nf3 Bd7 6.a3 f6 7.Bd3 fxe5 8.dxe5 Qc7 
9.Qe2 Nh6 10.Bf4 O-O-O 11.Nbd2 Nf7 12.h4 g6 13.O-O-O Be7 14.g4 c4 15.Bc2 
b5 16.g5 a5 17.Rde1 b4 18.Nb1 Kb7 19.h5 Rhg8 20.hxg6 hxg6 21.Rh7 Rdf8 22.
Qe3 Qd8 1/2-1/2

[Event "VIII C.to Italiano U20"]
[Site "Paderno del Grappa ITA"]
[Date "2000.07.20"]
[Round "6"]
[White "Veltcheva, Mina"]
[Black "Sorcinelli, Francesco"]
[Result "0-1"]
[WhiteElo "1600"]
[BlackElo "1650"]
[PlyCount "92"]
[EventDate "2000.07.15"]

1.e4 e5 2.Nf3 Nc6 3.Bc4 Nf6 4.d3 h6 5.Nc3 g6 6.a3 Bg7 7.h3 d6 8.Be3 O-O 9.
Qd2 Kh7 10.g4 Ng8 11.O-O-O a6 12.Rdg1 b5 13.Ba2 Rb8 14.h4 Nd4 15.Bxd4 exd4
16.Ne2 c5 17.Ng5+ hxg5 18.hxg5+ Nh6 19.gxh6 Bh8 20.g5 Qb6 21.Nf4 Bb7 22.
Bd5 c4 23.Bxb7 Qxb7 24.Nd5 c3 25.bxc3 dxc3 26.Qf4 Be5 27.Nf6+ Kh8 28.Qg4 
b4 29.Nd7 bxa3 30.Kd1 Qb1+ 31.Ke2 Qxc2+ 32.Kf3 Qxd3+ 33.Kg2 c2 34.Nxf8 
Rxf8 35.Re1 a2 36.Re3 Qc4 37.Ree1 a1=Q 38.Rxa1 Bxa1 39.Rxa1 c1=Q 40.Rxc1 
Qxc1 41.Qg3 Qc5 42.Qf4 Qe5 43.Qe3 a5 44.f4 Qc5 45.Qe2 Rc8 46.Kf3 Qc2 0-1

[Event "VIII C.to Italiano U20"]
[Site "Paderno del Grappa ITA"]
[Date "2000.07.21"]
[Round "7"]
[White "Berni, Giorgio"]
[Black "Costantini, Roberto"]
[Result "0-1"]
[WhiteElo "1905"]
[BlackElo "2233"]
[PlyCount "80"]
[EventDate "2000.07.15"]

1.e4 c5 2.Nf3 d6 3.d4 cxd4 4.Nxd4 Nf6 5.Nc3 a6 6.Bg5 e6 7.f4 Be7 8.Qf3 Qc7
9.O-O-O h6 10.Bh4 Nbd7 11.g4 g5 12.fxg5 Ne5 13.Qg3 Nfxg4 14.gxh6 Bxh4 15.
Qxh4 Qe7 16.Qg3 Rxh6 17.Be2 Bd7 18.Rdg1 Rg6 19.h3 Nf6 20.Qh2 O-O-O 21.Rxg6
Nxg6 22.Qf2 Rh8 23.Rf1 Ne8 24.Qxf7 Qxf7 25.Rxf7 Ne5 26.Rf1 Rxh3 27.Nf3 
Nxf3 28.Rxf3 Rh4 29.Kd2 Kd8 30.Rf7 Rh6 31.Rf4 Ke7 32.Bd3 Nf6 33.Ne2 Rh2 
34.c4 Bc6 35.Ke3 e5 36.Rf3 Nxe4 37.Bxe4 Bxe4 38.Rg3 Bc6 39.b4 Rh4 40.Kd3 
b5 0-1

[Event "VIII C.to Italiano U20"]
[Site "Paderno del Grappa ITA"]
[Date "2000.07.21"]
[Round "7"]
[White "Cacco, Christian"]
[Black "Artizzu, Giulio"]
[Result "1/2-1/2"]
[WhiteElo "2267"]
[BlackElo "2095"]
[PlyCount "37"]
[EventDate "2000.07.15"]

1.d4 Nf6 2.Nf3 c5 3.c3 g6 4.g3 b6 5.Bg2 Bb7 6.O-O Bg7 7.Nbd2 O-O 8.Re1 d6 
9.e4 Nbd7 10.b4 Qc7 11.Bb2 Rac8 12.Rc1 Rfd8 13.Qe2 e5 14.d5 Rf8 15.b5 c4 
16.Ba3 a6 17.bxa6 Bxa6 18.Bh3 Ra8 19.Bb4 1/2-1/2

[Event "VIII C.to Italiano U20"]
[Site "Paderno del Grappa ITA"]
[Date "2000.07.21"]
[Round "7"]
[White "Castaldo, Folco"]
[Black "Coratella, Giuseppe"]
[Result "1/2-1/2"]
[WhiteElo "2227"]
[BlackElo "2077"]
[PlyCount "48"]
[EventDate "2000.07.15"]

1.e4 e6 2.d4 d5 3.Nd2 Nf6 4.e5 Nfd7 5.Bd3 c5 6.c3 Nc6 7.Ne2 cxd4 8.cxd4 f6
9.exf6 Nxf6 10.Nf3 Bd6 11.O-O Qc7 12.g3 O-O 13.Bf4 e5 14.dxe5 Nxe5 15.Nxe5
Bxe5 16.Rc1 Qd6 17.Bxe5 Qxe5 18.Qb3 Ne4 19.Bxe4 Qxe4 20.Nc3 Qc4 21.Nxd5 
Qxb3 22.axb3 Bh3 23.Rfe1 Rad8 24.Nf4 Bg4 1/2-1/2

[Event "VIII C.to Italiano U20"]
[Site "Paderno del Grappa ITA"]
[Date "2000.07.21"]
[Round "7"]
[White "Cortina, Federico"]
[Black "Lo Curto, Emanuele"]
[Result "1/2-1/2"]
[WhiteElo "1738"]
[BlackElo "2132"]
[PlyCount "77"]
[EventDate "2000.07.15"]

1.Nf3 Nf6 2.c4 d6 3.g3 g6 4.Bg2 Bg7 5.O-O O-O 6.Nc3 e5 7.d3 Nc6 8.Rb1 a5 
9.a3 h6 10.b4 axb4 11.axb4 Be6 12.Ne1 Qc8 13.Nd5 Kh7 14.Nc2 Rb8 15.Nxf6+ 
Bxf6 16.Ne3 Qd7 17.Nd5 Bg7 18.b5 Nd4 19.e3 Nf5 20.b6 c6 21.Nc7 Ne7 22.Nxe6
Qxe6 23.Bb2 Ra8 24.Ra1 f5 25.Qb3 Qd7 26.Bc3 Rfb8 27.Rfb1 Nc8 28.Qb2 Qd8 
29.d4 e4 30.Bf1 Qh8 31.Ra3 Rxa3 32.Qxa3 Qd8 33.Be2 Ne7 34.Ra1 Nc8 35.Bb4 
Qd7 36.Qa5 Qd8 37.Qa3 Qd7 38.Qa5 Qd8 39.Qa3 1/2-1/2

[Event "VIII C.to Italiano U20"]
[Site "Paderno del Grappa ITA"]
[Date "2000.07.21"]
[Round "7"]
[White "Delfino, Luigi"]
[Black "Mariano, Elia"]
[Result "0-1"]
[WhiteElo "2126"]
[BlackElo "2093"]
[PlyCount "56"]
[EventDate "2000.07.15"]

1.e4 e6 2.d4 d5 3.Nc3 Nf6 4.Bg5 Bb4 5.e5 h6 6.Bd2 Bxc3 7.bxc3 Ne4 8.Qg4 g6
9.Nf3 c5 10.Bd3 Nxd2 11.Kxd2 Nc6 12.h4 Qa5 13.Qf4 Bd7 14.h5 O-O-O 15.Rhb1 
g5 16.Qe3 g4 17.Rb5 Qa4 18.Rxc5 gxf3 19.Qxf3 b6 20.Bb5 Qa5 21.Rxc6+ Bxc6 
22.Bxc6 Kc7 23.Ba8 Kb8 24.Qxf7 Kxa8 25.Qxe6 Rc8 26.Qh3 Rc4 27.Ke2 Rxc3 28.
Qf5 Rhc8 0-1

[Event "VIII C.to Italiano U20"]
[Site "Paderno del Grappa ITA"]
[Date "2000.07.21"]
[Round "7"]
[White "Forato, Piero"]
[Black "Santacroce, Fidel"]
[Result "1-0"]
[WhiteElo "2050"]
[BlackElo "1609"]
[PlyCount "65"]
[EventDate "2000.07.15"]

1.e4 d5 2.exd5 Qxd5 3.Nc3 Qa5 4.d4 Nf6 5.Bc4 Bg4 6.f3 Bf5 7.Ne2 c6 8.O-O 
e6 9.Ng3 Bg6 10.Qe2 Qd8 11.Be3 Be7 12.f4 Qd6 13.f5 Bxf5 14.Nxf5 exf5 15.
Rxf5 Nbd7 16.Rd1 Nb6 17.Bb3 O-O 18.Bg5 Rae8 19.Qf3 Qd7 20.Rd3 Bd8 21.Bxf6 
Bxf6 22.Rxf6 gxf6 23.Qxf6 Re1+ 24.Kf2 Qc7 25.Rg3+ Qxg3+ 26.Kxg3 Ree8 27.
Qf5 Kg7 28.Ne4 f6 29.Qg4+ Kh8 30.Nd6 Re7 31.Nf5 Rd7 32.Qh5 Rc7 33.Qh6 1-0

[Event "VIII C.to Italiano U20"]
[Site "Paderno del Grappa ITA"]
[Date "2000.07.21"]
[Round "7"]
[White "Genocchio, Daniele"]
[Black "De Bortoli, Peter"]
[Result "1-0"]
[WhiteElo "2201"]
[BlackElo "2195"]
[PlyCount "113"]
[EventDate "2000.07.15"]

1.e4 e5 2.Nf3 Nc6 3.Bc4 Nf6 4.O-O Be7 5.d4 exd4 6.Re1 d6 7.Nxd4 O-O 8.Nc3 
Re8 9.h3 h6 10.Be3 Bf8 11.Nxc6 bxc6 12.Qf3 Be6 13.Bb3 g6 14.Rad1 Bxb3 15.
axb3 Nd7 16.Qg3 Bg7 17.Bd4 Qg5 18.Qxg5 hxg5 19.Be3 Bf6 20.Ra1 a5 21.Kf1 
Nb6 22.f3 Ra6 23.Ra2 Rea8 24.Na4 c5 25.Rd1 Nxa4 26.Rxa4 Kf8 27.Rd5 Ke8 28.
Bxg5 Bxb2 29.Ke2 Kd7 30.Bf4 Bd4 31.Kd3 Rb8 32.Bd2 Bf6 33.Kc4 Ke6 34.Rxa5 
Rxa5 35.Bxa5 c6 36.Rd1 Ra8 37.Bd2 Ra2 38.Kd3 d5 39.Rc1 Bb2 40.Re1 Bf6 41.
exd5+ Kxd5 42.Re4 Be5 43.Bf4 Bxf4 44.Rxf4 Ra7 45.Rf6 Rc7 46.f4 c4+ 47.
bxc4+ Kc5 48.h4 Kb4 49.Kd4 Rd7+ 50.Ke5 Re7+ 51.Kd6 Re2 52.g4 Rh2 53.Kxc6 
Rxh4 54.g5 Kxc4 55.Rxf7 Kd4 56.Kd6 Ke4 57.c4 1-0

[Event "VIII C.to Italiano U20"]
[Site "Paderno del Grappa ITA"]
[Date "2000.07.21"]
[Round "7"]
[White "Gottardo, Jacopo"]
[Black "Chindemi, Giuseppe"]
[Result "1-0"]
[WhiteElo "1600"]
[BlackElo "1500"]
[PlyCount "113"]
[EventDate "2000.07.15"]

1.e4 c5 2.Nf3 Nc6 3.d4 cxd4 4.Nxd4 d6 5.Nc3 g6 6.Bc4 Bg7 7.Be3 Bd7 8.O-O 
Nf6 9.Bb3 O-O 10.f3 a6 11.a3 b5 12.Qd2 Rc8 13.Rad1 Na5 14.Kh1 Qc7 15.Bh6 
Nc4 16.Bxc4 Qxc4 17.Bxg7 Kxg7 18.Qe3 Qc5 19.Rfe1 a5 20.e5 dxe5 21.Qxe5 
Qxe5 22.Rxe5 b4 23.axb4 axb4 24.Nd5 Nxd5 25.Rxd5 Ba4 26.Rd2 Rc7 27.b3 Bc6 
28.Nxc6 Rxc6 29.Re5 e6 30.Kg1 Rfc8 31.Ree2 h5 32.Kf1 Kf6 33.Ke1 Kf5 34.Kd1
Ra8 35.Re4 Ra1+ 36.Ke2 Rc1 37.Rxb4 R1xc2 38.Rd4 e5 39.Rd3 Ke6 40.b4 f5 41.
Rb3 Rxd2+ 42.Kxd2 Kd6 43.Rb2 g5 44.Ke3 Kc7 45.h3 Rc4 46.Kd3 Rc1 47.Rc2+ 
Rxc2 48.Kxc2 e4 49.fxe4 fxe4 50.Kd2 Kb6 51.Ke3 g4 52.hxg4 hxg4 53.Kxe4 Kb5
54.Kf4 Kxb4 55.Kxg4 Kc5 56.Kf5 Kd6 57.Kf6 1-0

[Event "VIII C.to Italiano U20"]
[Site "Paderno del Grappa ITA"]
[Date "2000.07.21"]
[Round "7"]
[White "Iafelice, Vincenzo"]
[Black "Arcion, Riccardo"]
[Result "1-0"]
[WhiteElo "1903"]
[BlackElo "1804"]
[PlyCount "65"]
[EventDate "2000.07.15"]

1.e4 Nf6 2.e5 Nd5 3.c4 Nb6 4.d4 d6 5.exd6 cxd6 6.Nc3 g6 7.Be3 Bg7 8.Rc1 
O-O 9.b3 e6 10.Be2 Nc6 11.Nf3 Re8 12.O-O Ne7 13.Bg5 f6 14.Be3 e5 15.d5 Nf5
16.Qd2 Nxe3 17.Qxe3 f5 18.Qd2 a6 19.b4 Bd7 20.c5 Na4 21.c6 Nxc3 22.Qxc3 
bxc6 23.dxc6 Bc8 24.Rfd1 Qe7 25.a4 Rb8 26.Bc4+ Kh8 27.b5 axb5 28.axb5 Be6 
29.Bxe6 Qxe6 30.c7 Rbc8 31.b6 e4 32.Nd4 Qd5 33.Qc6 1-0

[Event "VIII C.to Italiano U20"]
[Site "Paderno del Grappa ITA"]
[Date "2000.07.21"]
[Round "7"]
[White "Navarro, Stefano"]
[Black "Sardo, Gabriele"]
[Result "0-1"]
[WhiteElo "1792"]
[BlackElo "2189"]
[PlyCount "80"]
[EventDate "2000.07.15"]

1.e4 c5 2.Nf3 d6 3.d4 cxd4 4.Nxd4 Nf6 5.Nc3 e6 6.Be2 a6 7.O-O Be7 8.Be3 
O-O 9.f4 Nc6 10.g4 Nd7 11.Qd2 Nxd4 12.Bxd4 b5 13.Bf3 Bb7 14.Qg2 b4 15.Nd1 
e5 16.Be3 exf4 17.Bxf4 Ne5 18.Ne3 Nxf3+ 19.Qxf3 Bf6 20.Nf5 Qb6+ 21.Kh1 
Rad8 22.Rad1 Rfe8 23.Rxd6 Qc5 24.Re1 Bxb2 25.Qd3 Bf6 26.Kg2 g6 27.Nh6+ Kg7
28.Rxd8 Rxd8 29.Qf3 Qxc2+ 30.Re2 Qc5 31.Be3 Qe7 32.Bc1 Re8 33.Kh3 Rc8 34.
Bf4 Rc3 35.Re3 Qxe4 36.Qxe4 Bxe4 37.Rxc3 bxc3 38.g5 Bd4 39.Bc1 Bf2 40.a3 
Be1 0-1

[Event "VIII C.to Italiano U20"]
[Site "Paderno del Grappa ITA"]
[Date "2000.07.21"]
[Round "7"]
[White "Navarro, Tommaso"]
[Black "Pelosin, Matteo"]
[Result "0-1"]
[WhiteElo "1446"]
[BlackElo "1609"]
[PlyCount "54"]
[EventDate "2000.07.15"]

1.e4 e6 2.d4 d5 3.e5 c5 4.c3 Qb6 5.Nf3 Nc6 6.Be2 cxd4 7.cxd4 Nh6 8.b3 Bb4+
9.Kf1 Nf5 10.Bb2 Be7 11.Qd3 Bd7 12.Nbd2 Nb4 13.Qb1 Rc8 14.a3 Nc2 15.g3 
Nxa1 16.Qxa1 Bb5 17.Bxb5+ Qxb5+ 18.Kg2 O-O 19.Rc1 Rc6 20.Rxc6 Qxc6 21.b4 
Rc8 22.Nb3 Qc2 23.Nc5 b6 24.Nb7 Ne3+ 25.Kg1 Nd1 26.Nd6 Qxf2+ 27.Kh1 Qf1+ 
0-1

[Event "VIII C.to Italiano U20"]
[Site "Paderno del Grappa ITA"]
[Date "2000.07.21"]
[Round "7"]
[White "Sorcinelli, Francesco"]
[Black "Nardelli, Marco"]
[Result "1/2-1/2"]
[WhiteElo "1650"]
[BlackElo "1479"]
[PlyCount "66"]
[EventDate "2000.07.15"]

1.e4 Nf6 2.e5 Ng8 3.d4 d5 4.Bd3 c5 5.c3 Nc6 6.Ne2 Bg4 7.f3 Bh5 8.O-O e6 9.
Be3 Bg6 10.f4 cxd4 11.cxd4 Nh6 12.Ng3 Nf5 13.Nxf5 Bxf5 14.Bxf5 exf5 15.Nc3
Bb4 16.Qb3 Bxc3 17.bxc3 Qd7 18.Bc1 O-O 19.a4 Na5 20.Qb5 Qxb5 21.axb5 Nc4 
22.Ba3 Rfc8 23.Bc5 a6 24.bxa6 bxa6 25.Rfb1 Rc7 26.Rxa6 Rac8 27.Rba1 Nd2 
28.Ra8 Ne4 29.R1a7 Nxc3 30.Rxc8+ Rxc8 31.Kf2 Ne4+ 32.Ke3 h6 33.Ra5 Rb8 
1/2-1/2